000 00848nam a2200325Ia 4500
001 13516
003 IT-RoPAU
008 130308s9999 xx 000 0 und d
040 _aIT-RoPAU
040 _cIT-RoPAU
041 _aFRANCESE
100 _aCelan Eugen
100 _gCodice Aut. SPICS: 3795
245 _aSemiotique du diagnostic
245 _bA Semiotic Landscape/Panorama Semiotique
250 _a1a ed.
260 _aTHE HAGUE
260 _bMouton
260 _c1979 [1° Ed.:1979 - Ed.Ling.Originale:1974]
300 _a"4 p. (prefazione: no ; testo: 4 [pagine: 436-439])"
500 _aSemiotica del Diagnostico
650 _aSEMIOLOGIA
650 _eCodice materia Spics: 3251
700 _aMarcus Solomon
700 _gCodice Aut. SPICS: 4186
942 _cBK
957 _71
999 _c41228
_d41228
999 _bSI
999 _g1